[Event "Parma Province-ch"]
[Site "Salsomaggiore Terme"]
[Date "2016.03.19"]
[Round "1"]
[White "Mingione, Luigi"]
[Black "Azzolini, Saulo"]
[Result "1-0"]
[WhiteElo "1756"]
[BlackElo "1440"]
[PlyCount "133"]
[EventDate "2016.03.18"]
[EventType "swiss"]
[EventRounds "5"]
[EventCountry "ITA"]
[SourceTitle "EXT 2018"]
[Source "ChessBase"]
[SourceDate "2017.10.13"]
[SourceVersion "1"]
[SourceVersionDate "2017.10.13"]
[SourceQuality "1"]

1. e4 e5 2. f4 d5 3. exd5 exf4 4. Nf3 g5 5. Bb5+ Bd7 6. Bxd7+ Nxd7 7. Qe2+ Qe7 8. Nxg5 Qxe2+ 9. Kxe2 h6 10. Nf3 Ngf6 11. c4 0-0-0 12. Re1 Rg8 13. Kf1 Bc5 14. d4 Bb4 15. Nc3 Rg4 16. Ne5 Nxe5 17. dxe5 Nh5 18. a3 Bc5 19. Ne4 Bd4 20. Nf2 Rh4 21. Nd3 Rxh2 22. Bxf4 Nxf4 23. Nxf4 Bxb2 24. Ra2 Bc3 25. Ree2 c6 26. d6 Rg8 27. Kg1 Rh4 28. Re4 Rgg4 29. Rf2 Ba5 30. Rf3 Bb6+ 31. Kf1 Rh1+ 32. Ke2 Rb1 33. Rd3 Rb2+ 34. Kf3 Rg8 35. Ne2 Rb1 36. Nd4 Rf1+ 37. Ke2 Rg1 38. d7+ Kc7 39. g4 h5 40. e6 fxe6 41. Nxe6+ Kb8 42. d8Q+ Bxd8 43. Rxd8+ Rxd8 44. Nxd8 hxg4 45. Kf2 Rd1 46. Nf7 g3+ 47. Kxg3 Rd3+ 48. Kf4 Rxa3 49. Nd6 Rd3 50. c5 a5 51. Ra4 Kc7 52. Rxa5 b6 53. Ra7+ Kb8 54. Rb7+ Ka8 55. Rxb6 Rd5 56. Rxc6 Kb8 57. Ke4 Rh5 58. Rc8+ Ka7 59. c6 Rc5 60. Kd4 Rc1 61. Kd5 Rd1+ 62. Ke6 Re1+ 63. Kd7 Rd1 64. c7 Rd2 65. Rb8 Rh2 66. c8Q Rh7+ 67. Kc6 1-0